[Event "Open A"]
[Site "Klatovy CZE"]
[Date "2007.07.04"]
[Round "5"]
[White "Palek,M"]
[Black "Jacek,Mi"]
[Result "1/2-1/2"]
[WhiteElo "2246"]
[BlackElo "2106"]

1.e4 d5 2.exd5 Qxd5 3.Nc3 Qd6 4.Nf3 Nf6 5.Be2 c6 6.O-O Bf5 7.d4 Nbd7 8.Bg5 e6
9.Qd2 Qc7 10.a3 Bd6 11.b4 h6 12.Bh4 Bf4 13.Qd1 Nd5 14.Na4 b5 15.c4 bxc4 16.Bxc4 N7b6
17.Nxb6 Nxb6 18.Ba6 O-O 19.Qe2 Bg4 20.Bg3 Bxg3 21.hxg3 Nd5 22.Rac1 Qb6 23.Rc5 Rfd8
24.Qc4 Bxf3 25.gxf3 Rd6 26.Rc1 Nc7 27.Rxc6 Rxc6 28.Qxc6 Qxa6 29.Qxc7 Qxa3
30.Qc3 Qxc3 31.Rxc3 Rb8 32.Rc4 Kf8 33.Kf1 Ke8 34.Ke2 Kd7 35.Kd3 h5 36.f4 f6
37.Ke4 Rb5 38.Rc5 f5+ 39.Ke5 Rxb4 40.Ra5 a6 41.Rc5 Rb2 42.d5 Re2+ 43.Kd4 Rd2+
44.Ke3 Rxd5 45.Rc2 a5 46.Ra2 Kc6 47.f3 Kb5 48.g4 hxg4 49.fxg4 Rd7 50.Rb2+ Kc4
51.Rb6 fxg4 52.Rxe6 a4 53.Ra6 Kb3 54.Rb6+ Ka2 55.f5 a3 56.Kf4 g3 57.Kxg3 Rd3+
58.Kf4 Rb3 59.Rg6 Kb1 60.Rxg7 Rb4+ 61.Ke5 a2 62.Rg1+  1/2-1/2

[Event "Open A"]
[Site "Kowalewo Pomorskie POL "]
[Date "2007.07.04"]
[Round "1"]
[White "Ziolkowski,D"]
[Black "Siwon,B"]
[Result "1-0"]
[WhiteElo "2245"]
[BlackElo "2021"]

1.e4 d5 2.exd5 Qxd5 3.Nc3 Qd6 4.d4 Nf6 5.Bc4 a6 6.Nge2 b5 7.Bb3 Bb7 8.Bf4 Qd8
9.O-O e6 10.d5 exd5 11.Nd4 Be7 12.Nf5 O-O 13.Nxd5 Bxd5 14.Bxd5 Nxd5 15.Qxd5 c6
16.Qxd8 Bxd8 17.Bd6 Bf6 18.Bxf8 Kxf8 19.Rad1 g6 20.Rd6 Nd7 21.Rxd7 gxf5 22.Rd6 Bxb2
23.Rxc6 b4 24.Rd1 a5 25.g3 a4 26.Rc7 Be5 27.Rb7 Rc8 28.Rd5 Bf6 29.Rdd7 Kg7
30.Rxf7+ Kg6 31.Rfc7 Rxc7 32.Rxc7 Bd4 33.Rc4 Bc3 34.a3 Bd2 35.axb4 a3 36.b5 f4
37.Ra4 fxg3 38.hxg3  1-0

[Event "Open A"]
[Site "Kowalewo Pomorskie POL "]
[Date "2007.07.05"]
[Round "3"]
[White "Kotermanska,A"]
[Black "Siwon,B"]
[Result "1-0"]
[WhiteElo "1980"]
[BlackElo "2021"]

1.e4 d5 2.exd5 Qxd5 3.Nc3 Qd6 4.Nf3 Nf6 5.d4 a6 6.Be2 b5 7.a3 Bb7 8.Be3 e6
9.Qd2 Be7 10.Bf4 Qd8 11.O-O O-O 12.Rfe1 Nbd7 13.Rad1 Rc8 14.Ne5 Nb6 15.Bg3 b4
16.axb4 Bxb4 17.Bd3 Nbd5 18.Bh4 Qd6 19.f4 c5 20.dxc5 Bxc5+ 21.Kh1 Bb4 22.Rf1 Kh8
23.Qf2 Qc7 24.Nxd5 Nxd5 25.Qe2 f5 26.Bg5 Be7 27.Bxe7 Qxe7 28.Qh5 Kg8 29.Qh4 Qe8
30.Rf2 Ne3 31.Ra1 Qd8 32.Qg3 Qd4 33.c3 Qa7 34.Re2 Nd5 35.Rae1 Nf6 36.Bc4 Bd5
37.Bxd5 Nxd5 38.Nf3 Nf6 39.Ng5 h6 40.Nxe6 Rfe8 41.Qg6 Ne4 42.h3 Re7 43.Nd4 Qc5
44.Kh2 Rf7 45.Qxa6 Qc7 46.g3 g5 47.Qg6+  1-0

[Event "Tespo Engineering"]
[Site "Brno CZE"]
[Date "2007.07.06"]
[Round "9"]
[White "Radovanovic,J"]
[Black "Rogule,L"]
[Result "1-0"]
[WhiteElo "2362"]
[BlackElo "2339"]

1.e4 d5 2.exd5 Qxd5 3.Nc3 Qd6 4.d4 Nf6 5.Nge2 e6 6.g3 Bd7 7.Bf4 Qc6 8.d5 exd5
9.Bg2 Be6 10.Nd4 Qb6 11.O-O Nbd7 12.Re1 O-O-O 13.Ncb5 Ne8 14.a4 Bc5 15.a5 Qa6
16.Bf1 Bxd4 17.Nxd4 b5 18.Bxb5 Qb7 19.Qe2 Nc5 20.b4 a6 21.Bxe8 Qxb4 22.Nc6  1-0

[Event "Asian Youth GU18"]
[Site "Tashkent UZB"]
[Date "2007.07.06"]
[Round "8"]
[White "Davletbayeva,M"]
[Black "Hamrakulova,Y"]
[Result "0-1"]
[WhiteElo "2165"]
[BlackElo "2182"]

1.e4 d5 2.exd5 Qxd5 3.Nc3 Qd6 4.d4 Nf6 5.Bd3 Bg4 6.f3 Bh5 7.Nge2 c6 8.Bf4 Qd8
9.O-O e6 10.a3 Be7 11.Kh1 Nbd7 12.Ne4 O-O 13.Nxf6+ Nxf6 14.Ng3 Bg6 15.Bxg6 hxg6
16.Bg5 Qb6 17.Qd3 Rfd8 18.c3 c5 19.dxc5 Qxc5 20.Qe3 Qxe3 21.Bxe3 Nd5 22.Bd4 Nf4
23.Rad1 b6 24.Ne4 f5 25.Nf2 g5 26.Rfe1 Kf7 27.g3 Ng6 28.Nd3 Bf6 29.Bf2 Rd7
30.Nb4 Rad8 31.Rxd7+ Rxd7 32.Re2 Ne5 33.Kg2 Nc4 34.Nc6 g6 35.a4 Rc7 36.Nb4 Rd7
37.Nc6 Rc7 38.Nb4 Rc8 39.Nd3 Rd8 40.Nb4 Rc8 41.Nd3 Rd8 42.Nb4 Na5 43.Be3 Nc4
44.Bf2 Rd6 45.Na2 e5 46.b3 Nd2 47.b4 e4 48.fxe4 Nxe4 49.c4 Rd3 50.a5 Nxf2
51.Kxf2 bxa5 52.bxa5 Ra3 53.Nb4 Rxa5 54.Nc6 Ra6 55.Ne5+ Kg7 56.c5 Ra1 57.c6 Rc1
58.Nd7 Bd4+ 59.Kf3 g4+ 60.Kf4 Kh6  0-1

[Event "Ikaros Festival"]
[Site "Agios Kirykos GRE"]
[Date "2007.07.07"]
[Round "1"]
[White "Managadze,N"]
[Black "Iordanidou,Z"]
[Result "1-0"]
[WhiteElo "2433"]
[BlackElo "2005"]

1.e4 d5 2.exd5 Qxd5 3.Nc3 Qd6 4.d4 c6 5.g3 Nf6 6.Bg2 Bf5 7.a3 e6 8.Nge2 Be7
9.O-O O-O 10.h3 h6 11.g4 Bh7 12.Bf4 Qd7 13.Qd2 Na6 14.Rad1 Nc7 15.Na4 Rad8
16.Qc1 Ncd5 17.Bh2 Qc8 18.c4 Nb6 19.Nxb6 axb6 20.Nc3 Bd6 21.Be5 Bxe5 22.dxe5 Nd7
23.Qe3 Nc5 24.b4 Rd3 25.Rxd3 Nxd3 26.Be4 Rd8 27.Bxh7+ Kxh7 28.Rd1 Nb2 29.Rd2 Nxc4
30.Rxd8 Qxd8 31.Qe4+ g6 32.Qxc4 Qd2 33.Ne4 Qd1+ 34.Kg2 Kg7 35.Nd6  1-0

[Event "XXX Open"]
[Site "Barbera del Valles ESP"]
[Date "2007.07.07"]
[Round "2"]
[White "Chalmeta Ugas,R"]
[Black "Subirach Mancebo,G"]
[Result "1-0"]
[WhiteElo "2176"]
[BlackElo "2019"]

1.e4 d5 2.exd5 Qxd5 3.Nc3 Qd6 4.Bc4 Nf6 5.d4 a6 6.Nf3 Nc6 7.h3 Bf5 8.Be3 Rd8
9.Qe2 Nb4 10.Bb3 Nbd5 11.Nxd5 Nxd5 12.O-O c6 13.c4 Nf6 14.Rad1 Qc7 15.Bg5 e6
16.d5 c5 17.Nh4 Be7 18.Nxf5 exf5 19.Bxf6 gxf6 20.Rfe1 Kf8 21.Qf3 Bd6 22.Qxf5 Be5
23.Re2 Bd4 24.Ba4 b5 25.Bb3 Rg8 26.Kh1 Rg6 27.Qf3 Qd7 28.Bc2 Rh6 29.Bf5 Qd6
30.b3 Be5 31.g3 Kg7 32.Qg4+ Kh8 33.f4 Rg8 34.fxe5 Rxg4 35.exd6 Rxh3+ 36.Rh2  1-0

[Event "ch-NOR"]
[Site "Hamar NOR"]
[Date "2007.07.07"]
[Round "1"]
[White "Sahl,Bj"]
[Black "Gausel,E"]
[Result "1/2-1/2"]
[WhiteElo "2381"]
[BlackElo "2529"]

1.e4 d5 2.exd5 Qxd5 3.Nc3 Qd6 4.d4 Nf6 5.Nf3 c6 6.Be3 Bg4 7.h3 Bh5 8.g4 Bg6
9.Ne5 Nbd7 10.Nxg6 hxg6 11.a3 e6 12.Qf3 Qc7 13.Ne4 Nxe4 14.Qxe4 Nf6 15.Qf3 Bd6
16.O-O-O Qa5 17.Rd3 Qd5 18.Qxd5 cxd5 19.f3 a6 20.Rb3 b5 21.a4 bxa4 22.Rb6 Ke7
23.Rxa6 a3 24.bxa3 Bxa3+ 25.Kd2 Nd7 26.Rxa8 Rxa8 27.Bb5 Nb6 28.Rb1 Bd6 29.Bd3 Bc7
30.Ke2 Rh8 31.h4 f6 32.Bf2 f5 33.Rg1 Kf6 34.Ra1 Ra8 35.Rxa8 Nxa8 36.Be3 Nb6
37.Bb5 Kf7 38.Kd3 Nc8 39.Bd7 Nb6 40.Bb5 Bd8 41.Bf2 Bc7 42.Be3 Bd8  1/2-1/2

[Event "Ikaros Festival"]
[Site "Agios Kirykos GRE"]
[Date "2007.07.08"]
[Round "2"]
[White "Zagrebelny,S"]
[Black "Filippas,S"]
[Result "1-0"]
[WhiteElo "2482"]
[BlackElo "2145"]

1.e4 d5 2.exd5 Qxd5 3.Nc3 Qd6 4.d4 Nf6 5.Be3 a6 6.Be2 Nc6 7.Nf3 Bg4 8.Qd2 e6
9.O-O O-O-O 10.Rfd1 h5 11.h3 Bf5 12.a3 Be7 13.b4 Ne4 14.Nxe4 Bxe4 15.Bf4 Qd7
16.c3 f6 17.Qe3 Bf5 18.h4 Bd6 19.Ne5 Qe8 20.Nc4 Bxf4 21.Qxf4 Ne7 22.Bf3 Ng6
23.Qg3 Bg4 24.Na5 Bxf3 25.Qxf3 c6 26.Qg3 f5 27.Nc4 f4 28.Qg5 Rh6 29.Re1 Qe7
30.Re4 f3 31.Qg3 b5 32.Na5 Qd7 33.Qxf3 Rf8 34.Qg3 Ne7 35.Qxg7 Rhf6 36.f3 R6f7
37.Qe5 Rf6 38.Rae1 Nd5 39.c4 Nf4 40.cxb5 Nd3 41.bxc6 Qg7 42.Qxh5 Nxe1 43.Rxe1 Rxf3
44.Qe5 R8f6 45.Nc4 Rf2 46.Nb6+ Kd8 47.Qb8+ Ke7 48.Qb7+ Kf8 49.Qxg7+  1-0

[Event "WGM"]
[Site "Bad Homburg GER"]
[Date "2007.07.08"]
[Round "3"]
[White "Tairova,E"]
[Black "Mader,Ma"]
[Result "1-0"]
[WhiteElo "2410"]
[BlackElo "2204"]

1.e4 d5 2.exd5 Qxd5 3.Nc3 Qd6 4.d4 Nf6 5.Nf3 a6 6.Ne5 Nc6 7.Bf4 Nxd4 8.Bc4 e6
9.Qd2 Nc6 10.Qe2 Nd4 11.Qd3 Nf5 12.O-O-O Qxd3 13.Bxd3 Nd6 14.Be2 Be7 15.Bf3 Rb8
16.Be3 Nd7 17.Nd3 Nf5 18.Bf4 Bd6 19.Bd2 Nd4 20.Ne4 Nxf3 21.Nxd6+ cxd6 22.gxf3 Ke7
23.Rhg1 g6 24.f4 b6 25.Bb4 Nc5 26.Bc3 Rd8 27.h4 Bb7 28.Rde1 Rbc8 29.f5 gxf5
30.Rg7 Rh8 31.Nxc5 bxc5 32.Reg1 Be4 33.h5 f4 34.Re1 Bf5 35.Rg5 f6 36.Rxf5 Rcf8
37.Rxf4 Rhg8 38.Ra4 Ra8 39.Rf4 Raf8 40.Bd2 Rg5 41.h6 Rg2 42.Rf3 d5 43.Rb3  1-0

[Event "XXX Open"]
[Site "Barbera del Valles ESP"]
[Date "2007.07.08"]
[Round "3"]
[White "Casanellas Ruano,L"]
[Black "Moreto Quintana,A"]
[Result "1-0"]
[WhiteElo "2091"]
[BlackElo "2153"]

1.e4 d5 2.exd5 Qxd5 3.Nc3 Qd6 4.d4 Nf6 5.Nf3 a6 6.Be2 Bg4 7.h3 Bh5 8.Be3 Nc6
9.Qd2 O-O-O 10.O-O-O Qb4 11.Nb1 Qa4 12.Nc3 Qa5 13.g4 Bg6 14.g5 Nd5 15.Nxd5 Qxa2
16.Nc3 Qa1+ 17.Nb1 e5 18.Bc4 Nb4 19.Nxe5 Bxc2 20.Qxc2 Nxc2 21.Kxc2 Qa5 22.Nxf7 Qf5+
23.Kc1 Bb4 24.Nxh8 Rxh8 25.Nc3 Rd8 26.Be2 Qa5 27.Bg4+ Kb8 28.Kd2 c5 29.Ke2 cxd4
30.Bxd4 Qxg5 31.Be3 Re8 32.Rd5 Qf6 33.Rhd1 Bxc3 34.bxc3 Qxc3 35.Rd8+ Rxd8
36.Rxd8+ Kc7 37.Rc8+  1-0

[Event "Kaupthing Open"]
[Site "Differdange LUX"]
[Date "2007.07.08"]
[Round "3"]
[White "Stefansson,H"]
[Black "Bednarich,J"]
[Result "1-0"]
[WhiteElo "2568"]
[BlackElo "2279"]

1.e4 d5 2.exd5 Qxd5 3.Nc3 Qd8 4.d4 Nf6 5.Nf3 c6 6.Bc4 Bf5 7.Ne2 e6 8.Ng3 Bg4
9.c3 Bd6 10.h3 Bxf3 11.Qxf3 Qc7 12.Ne4 Nxe4 13.Qxe4 Nd7 14.Qg4 g6 15.Bh6 O-O-O
16.O-O Nf6 17.Qf3 Nd5 18.Bb3 Bh2+ 19.Kh1 Bf4 20.Bxf4 Nxf4 21.h4 h6 22.g3 Nh5
23.Rad1 Qe7 24.Bc2 Nf6 25.Kg2 Rd6 26.a4 Rhd8 27.b4 Nd5 28.b5 Qf6 29.Qd3 g5
30.hxg5 Qxg5 31.Qf3 Qg7 32.Be4 Rg8 33.bxc6 bxc6 34.Rb1 Qg5 35.Qxf7 Rd7 36.Qf3 h5
37.c4 Nf4+ 38.Kh2 Rf8 39.Bxc6 Rxd4 40.Qb3 Kc7 41.Qb7+ Kd6 42.Qd7+ Ke5 43.Rfe1+  1-0

[Event "XXX Open"]
[Site "Barbera del Valles ESP"]
[Date "2007.07.09"]
[Round "4"]
[White "Sanahuja Palomo,A"]
[Black "Subirach Mancebo,G"]
[Result "0-1"]
[WhiteElo "2029"]
[BlackElo "2019"]

1.e4 d5 2.exd5 Qxd5 3.Nc3 Qd6 4.d4 Nf6 5.Nf3 a6 6.Ne5 Nc6 7.Nxc6 Qxc6 8.Qd3 Bg4
9.d5 Qd7 10.Be3 Rd8 11.Qd4 Bh5 12.Bc4 c6 13.Qh4 h6 14.Bb6 Rc8 15.O-O cxd5
16.Bb3 Qf5 17.Ba4+ Nd7 18.f3 Rc4 19.Qxc4 dxc4 20.Rad1 e5 21.g4 Bxg4 22.fxg4 Qxg4+
23.Kh1 f6 24.Rxd7 Qxd7 25.Rd1 Qxa4 26.Rd8+ Kf7 27.Nxa4 Rg8 28.Bc5 b5 29.Rxf8+ Rxf8
30.Bxf8 Kxf8 31.Nc5 Ke7 32.Nxa6 Kd6 33.Kg2 f5 34.c3 g5 35.Nb4 h5 36.Kf3 g4+
37.Kg3 f4+ 38.Kh4 e4 39.Kxh5 g3 40.hxg3 fxg3 41.Nc2 g2  0-1

[Event "Open A"]
[Site "Kowalewo Pomorskie POL "]
[Date "2007.07.09"]
[Round "7"]
[White "Bartosik,P2"]
[Black "Siwon,B"]
[Result "1/2-1/2"]
[WhiteElo "2024"]
[BlackElo "2021"]

1.e4 d5 2.exd5 Qxd5 3.Nc3 Qd6 4.d4 Nf6 5.Bc4 a6 6.Nf3 b5 7.Bb3 Bb7 8.Ne5 e6
9.Bf4 Qd8 10.O-O Be7 11.a3 O-O 12.Bg3 Nbd7 13.Qe2 Nd5 14.Ne4 Rc8 15.a4 Nxe5
16.Bxe5 b4 17.Rad1 Re8 18.Rd3 Nf6 19.Ng5 Nd5 20.Ne4 Nf6  1/2-1/2

[Event "WGM"]
[Site "Bad Homburg GER"]
[Date "2007.07.10"]
[Round "5"]
[White "Paehtz,E"]
[Black "Mader,Ma"]
[Result "1-0"]
[WhiteElo "2457"]
[BlackElo "2204"]

1.e4 d5 2.exd5 Qxd5 3.Nc3 Qd6 4.d4 Nf6 5.Nf3 a6 6.g3 Bg4 7.h3 Bh5 8.Bg2 c6
9.O-O e6 10.Bf4 Qd8 11.g4 Bg6 12.Ne5 Nbd7 13.Qe2 Rc8 14.Rad1 Be7 15.Bg3 Nd5
16.Ne4 Bxe4 17.Bxe4 N5f6 18.Bg2 h6 19.f4 O-O 20.Kh2 Nh7 21.c3 Nxe5 22.dxe5 Qa5
23.Rd7 Rc7 24.b4 Qb6 25.Bf2 c5 26.Rxe7 Rxe7 27.Bxc5 Qd8 28.Bxe7 Qxe7 29.Qe4 Qc7
30.Qxb7 Qxc3 31.Qxa6 Qxb4 32.a4 Rd8 33.Qb5 Qc3 34.a5 g5 35.f5 exf5 36.gxf5 h5
37.a6 Qc7 38.Kh1 Nf8 39.Qb7 Qxb7 40.Bxb7 Nd7 41.Rd1  1-0

[Event "XXX Open"]
[Site "Barbera del Valles ESP"]
[Date "2007.07.10"]
[Round "5"]
[White "Jose Iraeta,A"]
[Black "Moreto Quintana,A"]
[Result "0-1"]
[WhiteElo "2190"]
[BlackElo "2153"]

1.e4 d5 2.exd5 Qxd5 3.Nc3 Qd6 4.d4 Nf6 5.Bd3 Bg4 6.f3 Bh5 7.Nge2 a6 8.Ng3 Bg6
9.Nce4 Nxe4 10.fxe4 e5 11.c3 exd4 12.cxd4 Qb4+ 13.Qd2 Nc6 14.d5 Ne5 15.Bc2 Nc4
16.Qxb4 Bxb4+ 17.Ke2 O-O-O 18.Bf4 Rhe8 19.Kf3 Ne5+ 20.Bxe5 Rxe5 21.a3 Ba5
22.Rhd1 Bb6 23.Rd3 h5 24.h4 Bc5 25.Rh1 Rde8 26.Rc3 Bd6 27.Rd1 R5e7 28.Nf5 Bxf5
29.exf5 Re2 30.b4 R8e5 31.Bb1 Kb8 32.Rf1 Rb2 33.Be4 Be7 34.g3 Bd6 35.Rfc1 Re7
36.R1c2 Rb1 37.Rc1 Rxc1 38.Rxc1 Bxg3 39.Rg1 Bxh4 40.Rxg7 Bf6 41.Rh7 h4 42.Rh6 Bg5
43.f6 Re8 44.Rh7 Rf8 45.d6 cxd6 46.Bd5 Bxf6 47.Bxf7 Bb2 48.a4 Bc3 49.b5 axb5
50.axb5 Ka7 51.Ke4 Rh8 52.Rxh8 Bxh8 53.Bd5 h3 54.Kf3 h2 55.Ke3 Kb6 56.Kd3 Kc5
57.Bf3 b6  0-1

[Event "XXX Open"]
[Site "Barbera del Valles ESP"]
[Date "2007.07.10"]
[Round "5"]
[White "Hernandez Funes,R"]
[Black "Subirach Mancebo,G"]
[Result "0-1"]
[WhiteElo "2144"]
[BlackElo "2019"]

1.e4 d5 2.exd5 Qxd5 3.Nc3 Qd8 4.d4 c6 5.Bc4 Nf6 6.Nf3 Bf5 7.Ne5 e6 8.g4 Bg6
9.h4 Nbd7 10.Nxd7 Qxd7 11.h5 Be4 12.f3 Bd5 13.Nxd5 Nxd5 14.h6 O-O-O 15.c3 Qc7
16.Bxd5 Qg3+ 17.Kf1 Rxd5 18.Be3 gxh6 19.Bf2 Qf4 20.Kg2 Bd6 21.c4 Rg5 22.Rh3 Qf6
23.Bh4 Rhg8 24.Bxg5 Rxg5 25.Qd2 Bf4 26.Qf2 Qg6 27.Kh1 Qd3 28.Qf1 Qc2 29.Rd1 h5
30.gxh5 Qf5 31.Rh4 Rxh5 32.Qf2 Be3 33.Qxe3 Rxh4+ 34.Kg1 Qg6+ 35.Kf1 Rh1+  0-1

[Event "Inautomarket Open"]
[Site "Minsk BLR"]
[Date "2007.07.10"]
[Round "1"]
[White "Korchagina,V"]
[Black "Zablotsky,S"]
[Result "0-1"]
[WhiteElo "2152"]
[BlackElo "2498"]

1.e4 d5 2.exd5 Qxd5 3.Nc3 Qd6 4.d4 Nf6 5.Bc4 a6 6.a4 Nc6 7.d5 Nb4 8.Bb3 e6
9.dxe6 Bxe6 10.Qe2 O-O-O 11.Bxe6+ Qxe6 12.Be3 Qg4 13.f3 Qf5 14.Rc1 Bc5 15.Bxc5 Qxc5
16.Qf2 Qf5 17.Nge2 Nxc2+ 18.Rxc2 Qxc2 19.O-O Kb8 20.b4 Rhe8 21.b5 Nd5 22.Ne4 f5
23.N4g3 Ne3 24.Re1 Nd1 25.Qf1 Qc5+  0-1

[Event "Open"]
[Site "Banska Stiavnica SVK"]
[Date "2007.07.11"]
[Round "5"]
[White "Dochev,D"]
[Black "Mateuta,G"]
[Result "1/2-1/2"]
[WhiteElo "2405"]
[BlackElo "2487"]

1.e4 d5 2.exd5 Qxd5 3.Nc3 Qd6 4.d4 c6 5.Nf3 Nf6 6.Ne5 Nbd7 7.Nc4 Qc7 8.Qf3 Nb6
9.Bf4 Qd8 10.Be5 Bg4 11.Qg3 h5 12.Nb1 Ng8  1/2-1/2

[Event "WGM"]
[Site "Bad Homburg GER"]
[Date "2007.07.12"]
[Round "6"]
[White "Socko,M"]
[Black "Mader,Ma"]
[Result "1-0"]
[WhiteElo "2479"]
[BlackElo "2204"]

1.e4 d5 2.exd5 Qxd5 3.Nc3 Qd6 4.g3 Nf6 5.Bg2 c6 6.d4 Bg4 7.Nge2 e6 8.O-O Qc7
9.h3 Bxe2 10.Qxe2 Bd6 11.d5 cxd5 12.Nb5 Qc6 13.Bg5 Nbd7 14.c4 O-O 15.Rfd1 Bc5
16.cxd5 exd5 17.Nc3 Qe6 18.Rac1 Rac8 19.Qf1 d4 20.Nb5 Qb6 21.b4 Bxb4 22.Rxc8 Rxc8
23.Nxd4 h6 24.Bf4 Bc3 25.Nf5 Bb4 26.Qd3 Nc5 27.Ne7+ Kh8 28.Nxc8 Nxd3 29.Nxb6 Nxf4
30.Nd7 Nxg2 31.Nxf6 gxf6 32.Kxg2 Kg7 33.Rd7 a5 34.Rxb7 Kg6 35.Kf3 f5 36.Rb6+ f6
37.Rb7 Bc3 38.Ke2 Bd4 39.Rc7 Kh5 40.Rc4 Bb6 41.Rc6 Bd4 42.Ra6 Bc3 43.Ra7 Kg6
44.f4 Bb4 45.Kf3 Bc3 46.Rb7 Be1 47.Rb5 Bd2 48.Rd5 Be1 49.g4 fxg4+ 50.Kxg4 Kf7
51.f5 Bb4 52.Kh5  1-0

[Event "ch-NOR"]
[Site "Hamar NOR"]
[Date "2007.07.12"]
[Round "7"]
[White "Adnoy,H"]
[Black "Lie,Es"]
[Result "1/2-1/2"]
[WhiteElo "2289"]
[BlackElo "2404"]

1.e4 d5 2.exd5 Qxd5 3.Nc3 Qd6 4.d4 Nf6 5.Nge2 e6 6.g3 Qc6 7.Rg1 Bb4 8.Bg2 Qc4
9.Bd2 O-O 10.b3 Qa6 11.a4 Qa5 12.Nb1 Bxd2+ 13.Qxd2 Qxd2+ 14.Nxd2 Nbd7 15.a5 Rb8
16.Nc4 Nd5 17.O-O-O b5 18.axb6 axb6 19.Kb2 Bb7 20.Ra1 Nb4 21.Bxb7 Rxb7 22.Ne5 Nxe5
23.dxe5 Nc6 24.f4 Rd8 25.Rgd1 Rbb8 26.Nc3 Nd4 27.Rd3 c5 28.Rad1 Rdc8 29.Ne4 Nb5
30.Rd7 h6 31.Nd6 Nxd6 32.R1xd6 b5 33.g4 b4 34.Re7 Rd8 35.Rc7 Rdc8 36.Rdd7 Rxc7
37.Rxc7 Rb5 38.Kc1 g5 39.f5  1/2-1/2

[Event "6th Open"]
[Site "La Fere FRA"]
[Date "2007.07.13"]
[Round "9"]
[White "Tirard,H"]
[Black "Pytel,K"]
[Result "0-1"]
[WhiteElo "2476"]
[BlackElo "2418"]


1.e4 d5 2.exd5 Qxd5 3.Nc3 Qd6 4.d4 Nf6 5.Nf3 c6 6.Ne5 Nbd7 7.Nc4 Qc7 8.Qf3 Nb6
9.Ne5 Be6 10.Bf4 Qd8 11.O-O-O g6 12.Bd3 Bg7 13.h4 Nbd5 14.Bc4 Nxf4 15.Qxf4 Bxc4
16.Nxc4 Nd5 17.Qf3 Nxc3 18.Qxc3 Qd5 19.g3 O-O 20.h5 Rfd8 21.hxg6 hxg6 22.Rh4 c5
23.Ne3 Qxa2 24.Qxc5 e5 25.d5 e4 26.d6 Bxb2+ 27.Kd2 Rac8  0-1

[Event "FSIMA July"]
[Site "Budapest HUN"]
[Date "2007.07.14"]
[Round "8"]
[White "Szalanczy,E"]
[Black "Vegh,E"]
[Result "1-0"]
[WhiteElo "2382"]
[BlackElo "2313"]

1.e4 d5 2.exd5 Qxd5 3.Nc3 Qd6 4.d4 Nf6 5.Nf3 c6 6.Ne5 Nbd7 7.f4 Nb6 8.Be2 g6
9.g4 Bg7 10.g5 Nfd5 11.Ne4 Qd8 12.a3 O-O 13.c4 Nc7 14.Be3 f6 15.Nf3 Bg4 16.O-O Ne6
17.Nc5 fxg5 18.Nxg5 Bxe2 19.Qxe2 Nxd4 20.Qg4 h5 21.Qg2 Nxc4 22.Nge6 Nxe6
23.Nxe6 Qd3 24.Bf2 Bxb2 25.Rad1 Qf5 26.Nxf8 Rxf8 27.a4 a5 28.Rfe1 Bf6 29.Bd4 Bh4
30.Re4 Kh7 31.Kh1 Rd8 32.Rg1 c5 33.Bc3 Nd6 34.Re5 Qg4 35.Qd5 e6 36.Rxg4 exd5
37.Rxh4 Nf5 38.Rxf5 gxf5 39.Rxh5+ Kg6 40.Rg5+ Kf7  1-0

[Event "FSIMA July"]
[Site "Budapest HUN"]
[Date "2007.07.14"]
[Round "8"]
[White "Szalanczy,E"]
[Black "Vegh,E"]
[Result "1-0"]
[WhiteElo "2382"]
[BlackElo "2313"]

1.e4 d5 2.exd5 Qxd5 3.Nc3 Qd6 4.d4 Nf6 5.Nf3 c6 6.Ne5 Nbd7 7.f4 Nb6 8.Be2 g6
9.g4 Bg7 10.g5 Nfd5 11.Ne4 Qd8 12.a3 O-O 13.c4 Nc7 14.Be3 f6 15.Nf3 Bg4 16.O-O Ne6
17.Nc5 fxg5 18.Nxg5 Bxe2 19.Qxe2 Nxd4 20.Qg4 h5 21.Qg2 Nxc4 22.Nge6 Nxe6
23.Nxe6 Qd3 24.Bf2 Bxb2 25.Rad1 Qf5 26.Nxf8 Rxf8 27.a4 a5 28.Rfe1 Bf6 29.Bd4 Bh4
30.Re4 Kf7  1-0

[Event "22nd North Sea Cup"]
[Site "Esbjerg DEN"]
[Date "2007.07.14"]
[Round "3"]
[White "Motzkus,M"]
[Black "Fogh,J"]
[Result "0-1"]
[WhiteElo "1839"]
[BlackElo "2051"]

1.e4 d5 2.exd5 Qxd5 3.Nc3 Qd6 4.Nf3 Nf6 5.d4 a6 6.a4 Bg4 7.h3 Bh5 8.Be2 e6
9.O-O Nc6 10.Be3 O-O-O 11.Ng5 Bg6 12.Bd3 h6 13.Bxg6 hxg5 14.Bxf7 g4 15.Re1 gxh3
16.g3 Qd7 17.Bg6 Bd6 18.Ne4 Ne7 19.Nxf6 gxf6 20.Be4 f5 21.Bh1 Ng6 22.f4 Rdg8
23.Qf3 c6 24.Kf1 Ne7 25.c4 Rg6 26.Bf2 Rg4 27.Qe3 Rg6 28.Rac1 Bc7 29.b4 h2
30.Rc2 Rh3 31.Ree2 Qd8 32.Be1 Qg8 33.Rxh2 Rhxg3 34.Bxg3 Rxg3 35.Qf2 Qg4 36.Rh8+ Kd7
37.Re2 Bxf4 38.d5 Rd3 39.dxe6+ Kc7 40.a5 Rd1+ 41.Re1 Rxe1+ 42.Qxe1 Qg7 43.Rh3 Qd4
44.Qe2 Qf6 45.Rd3 Be5 46.Rd7+ Kb8 47.Qh5 Bc7 48.Qe8+ Nc8 49.Bf3 Qa1+ 50.Rd1 Qc3
51.Be2 Qh3+ 52.Ke1 Qc3+ 53.Kf1 Qh3+ 54.Ke1 Qh4+ 55.Kd2 Qg5+ 56.Kc2 Qe3  0-1

[Event "Open"]
[Site "Ghent BEL"]
[Date "2007.07.14"]
[Round "1"]
[White "Dgebuadze,A"]
[Black "Legemaat,G"]
[Result "1-0"]
[WhiteElo "2508"]
[BlackElo "2191"]

1.e4 d5 2.exd5 Qxd5 3.Nc3 Qd6 4.d4 Nf6 5.Nf3 c6 6.Bg5 Bg4 7.Be2 Nbd7 8.O-O e6
9.Re1 Be7 10.Qd2 Nb6 11.Bxf6 gxf6 12.Qh6 Bxf3 13.Bxf3 O-O-O 14.Bh5 Qxd4 15.Bxf7 e5
16.Qg7 Bb4 17.Qxf6 Bxc3 18.bxc3 Qxc3 19.Be6+ Kc7 20.Rad1 Qc5 21.Qg7+ Kb8
22.Rxd8+ Rxd8 23.Qxh7 Rd2 24.Qg8+ Kc7 25.Qf7+ Kb8 26.h4 Qb4 27.Qg8+ Kc7 28.Qg7+ Nd7
29.Bxd7 Rxd7 30.Qxe5+ Kb6 31.Qe3+ Kc7 32.Qg3+  1-0

[Event "Open"]
[Site "Ghent BEL"]
[Date "2007.07.16"]
[Round "5"]
[White "Vajda,S"]
[Black "Heemskerk,W"]
[Result "1/2-1/2"]
[WhiteElo "2410"]
[BlackElo "2237"]

1.e4 d5 2.exd5 Qxd5 3.Nc3 Qd8 4.d4 Nf6 5.Nf3 c6 6.Bc4 b5 7.Bd3 Bg4 8.h3 Bh5
9.Be3 e6 10.a4 b4 11.Ne4 Nd5 12.Bd2 Nd7 13.c4 bxc3 14.bxc3 Qc7 15.Ng3 Bg6
16.Bxg6 hxg6 17.O-O Be7 18.Qe2 O-O 19.c4 N5f6 20.Ne5 Nxe5 21.dxe5 Nd7 22.Bc3 Nc5
23.Ne4 Nxe4 24.Qxe4 Rfd8 25.Rfd1 Rd7 26.Rxd7 Qxd7 27.Bd4 Rd8 28.Be3 Qb7 29.Rb1 Qa6
30.Qc2 Qa5 31.Rb7 Bc5 32.Qe2 Bxe3 33.Qxe3 Qxa4 34.Rxa7 Qxc4 35.Qf3 Rf8 36.Rc7 Qd4
37.Qxc6 Qa1+ 38.Kh2 Qxe5+ 39.g3 Qf5 40.Kg2 Rd8 41.Qf3 Qxf3+ 42.Kxf3 Rd5 43.h4 g5
44.hxg5 Rxg5 45.Ra7 Rf5+ 46.Kg2 g6 47.Ra3 Kg7 48.Rb3 g5 49.Ra3 Rb5 50.Rc3 f5
51.Ra3 Kf6 52.Rc3 f4 53.Kf3 Kf5 54.g4+ Ke5 55.Ra3 Rc5 56.Ra8 Kd4 57.Rg8 Rd5
58.Rg7 Kc5 59.Rg6 Kd6 60.Rg7 Ra5 61.Kg2 Rb5  1/2-1/2

[Event "XII Open"]
[Site "Balaguer ESP"]
[Date "2007.07.17"]
[Round "2"]
[White "Gensana Berzunces,J"]
[Black "Lorenzo de la Riva,L"]
[Result "0-1"]
[WhiteElo "2068"]
[BlackElo "2332"]

1.e4 d5 2.exd5 Qxd5 3.Nc3 Qd6 4.d4 Nf6 5.Nf3 a6 6.Bd3 Nc6 7.h3 Nb4 8.O-O Nxd3
9.Qxd3 e6 10.Re1 Be7 11.Ne2 c5 12.Bf4 Qb6 13.a4 cxd4 14.Be5 O-O 15.Bxd4 Qc6
16.Ne5 Qe4 17.Red1 Qxd3 18.Rxd3 Nd5 19.c3 f6 20.Nc4 Bd7 21.Nb6 Nxb6 22.Bxb6 Bc8
23.Rad1 e5 24.Bd8 Bc5 25.b4 Bf5 26.R3d2 Ba7 27.a5 Rc8 28.Ng3 Bg6 29.Be7 Rfe8
30.Rd7 Rxc3 31.Rxb7 Bd4 32.Ne2 Rc4 33.Nxd4 exd4 34.Bc5 d3 35.Be3 Re6 36.Kf1 h5
37.Rb8+ Kh7 38.g3 h4 39.gxh4 Rxh4 40.Rc1 Rxh3 41.Kg2 Rh5 42.Rcc8 Be4+ 43.Kg3 Rd5
44.Rd8 Red6 45.Rxd6 Rxd6 46.Bd2 Rd7 47.Rb6 Bb7 48.Re6 Kg6 49.Kf4 Kf7 50.Re1 g5+
51.Ke3 f5 52.Bc3 f4+ 53.Kd2 Kg6 54.Re8 Kf5 55.Rg8 Bd5 56.Rg7 Bf7 57.f3 Re7
58.Bd4 Rc7 59.Bc3 Rd7 60.Rh7 g4 61.fxg4+ Kxg4 62.Rg7+ Kf3 63.Be5 Ke4 64.Bb8 Kf5
65.Rg1 Bc4 66.Rf1 Rd4 67.Bc7 Bb5 68.Bb6 Rxb4 69.Rf2 Rb2+ 70.Ke1 Rb1+ 71.Kd2 Kg4
72.Rg2+ Kf3 73.Rf2+ Kg3 74.Bd4 Rb4  0-1

[Event "Middlesex vs Young England"]
[Site "London ENG"]
[Date "2007.07.17"]
[Round "7"]
[White "Ledger,D"]
[Black "Constantinou,P"]
[Result "0-1"]
[WhiteElo "2285"]
[BlackElo "2173"]

1.e4 d5 2.exd5 Qxd5 3.Nc3 Qd6 4.Bc4 Nf6 5.h3 a6 6.d3 b5 7.Bb3 Bb7 8.Nf3 Nbd7
9.Qe2 Nc5 10.Bg5 e6 11.Bxf6 gxf6 12.Ne4 Nxe4 13.dxe4 Qb4+ 14.Nd2 Bh6 15.f3 O-O-O
16.O-O-O Rhg8 17.c3 Qd6 18.g4 Qf4 19.Kc2 Rd7 20.Nb1 Rgd8 21.Rxd7 Rxd7 22.a4 f5
23.Re1 fxe4 24.fxe4 Qg3 25.axb5 axb5 26.Rf1 Qh2 27.Qxh2 Bxe4+  0-1

[Event "XII Open"]
[Site "Balaguer ESP"]
[Date "2007.07.18"]
[Round "3"]
[White "Korneev,O"]
[Black "Pique Safont,J"]
[Result "1-0"]
[WhiteElo "2565"]
[BlackElo "2023"]

1.e4 d5 2.exd5 Qxd5 3.Nc3 Qd8 4.d4 Nf6 5.Nf3 c6 6.Be3 Bf5 7.Bd3 Bxd3 8.Qxd3 e6
9.O-O-O Be7 10.Ne5 Nbd7 11.f4 Nd5 12.Kb1 Nxc3+ 13.Qxc3 Nf6 14.Qb3 Qb6 15.Qd3 Nd5
16.Bc1 f6 17.Nc4 Qb5 18.Rhe1 Nc7 19.f5 O-O-O 20.fxe6 c5 21.c3 cxd4 22.cxd4 Bb4
23.Re2 Rhe8 24.Bf4 Re7 25.a3 Bc5 26.Bxc7 Kxc7 27.Qg3+ Kc8 28.Rc1 Rc7 29.dxc5 Rxc5
30.e7  1-0

[Event "22nd North Sea Cup"]
[Site "Esbjerg DEN"]
[Date "2007.07.18"]
[Round "8"]
[White "Pedersen,JaR"]
[Black "Lindestrom,T"]
[Result "0-1"]
[WhiteElo "2215"]
[BlackElo "2229"]

1.e4 d5 2.exd5 Qxd5 3.Nc3 Qd6 4.d4 Nf6 5.Nf3 c6 6.Ne5 Nbd7 7.Bf4 Nd5 8.Qd2 Nxf4
9.Qxf4 f6 10.Nd3 Qxf4 11.Nxf4 Nb6 12.O-O-O e6 13.Ne4 Kf7 14.g3 Be7 15.Nd3 Rd8
16.c3 Nd5 17.Bh3 b6 18.Rhe1 a5 19.c4 Nb4 20.Nxb4 axb4 21.Rd3 Rxa2 22.Kb1 Ra5
23.Nd2 Rh5 24.Bg4 Rxh2 25.f4 h5 26.Nf3 hxg4 27.Nxh2 c5 28.Nxg4 e5 29.Ne3 cxd4
30.Red1 dxe3 31.Rxd8 e2 32.Re1 Bxd8 33.Rxe2 exf4 34.gxf4 Bf5+ 35.Kc1 Bc7
36.Rf2 Bd3 37.b3 Ke6 38.Kd2 Be4 39.Ke3 Kf5 40.Kd4 Bd6  0-1